Information security : (Record no. 189645)

MARC details
000 -LEADER
fixed length control field 00694nam a2200217Ia 4500
005 - DATE AND TIME OF LATEST TRANSACTION
control field 20251106154442.0
008 - FIXED-LENGTH DATA ELEMENTS--GENERAL INFORMATION
fixed length control field 210716s2008 xx 000 0 und d
020 ## - INTERNATIONAL STANDARD BOOK NUMBER
International Standard Book Number 9788120333512
040 ## - CATALOGING SOURCE
Transcribing agency AIMIT LIBRARY
041 ## - LANGUAGE CODE
Language code of text/sound track or separate title eng
082 ## - DEWEY DECIMAL CLASSIFICATION NUMBER
Classification number 005.8
Edition number 1
Item number PATD
100 ## - MAIN ENTRY--PERSONAL NAME
Personal name Patel, Dhiren R.
9 (RLIN) 244430
245 ## - TITLE STATEMENT
Title Information security :
Remainder of title theory and practice /
Statement of responsibility, etc. By Dhiren R Patel.
250 ## - EDITION STATEMENT
Edition statement 1st ed.
260 ## - PUBLICATION, DISTRIBUTION, ETC.
Place of publication, distribution, etc. New Delhi :
Name of publisher, distributor, etc. PHI Learning Pvt Ltd ,
Date of publication, distribution, etc. 2008.
300 ## - PHYSICAL DESCRIPTION
Extent xiv,298p. ;
Other physical details PB
Dimensions 24.3 cm
650 ## - SUBJECT ADDED ENTRY--TOPICAL TERM
Topical term or geographic name entry element Classical encryption methods
9 (RLIN) 244431
650 ## - SUBJECT ADDED ENTRY--TOPICAL TERM
Topical term or geographic name entry element Information hiding : steganography
9 (RLIN) 244432
650 ## - SUBJECT ADDED ENTRY--TOPICAL TERM
Topical term or geographic name entry element Virus and malware
9 (RLIN) 244433
942 ## - ADDED ENTRY ELEMENTS (KOHA)
Source of classification or shelving scheme Dewey Decimal Classification
Koha item type Book
Edition 1st
Call number prefix 005.8 PATD
Holdings
Withdrawn status Lost status Source of classification or shelving scheme Damaged status Not for loan Collection code Home library Current library Source of acquisition Cost, normal purchase price Inventory number Total Checkouts Full call number Barcode Date last seen Cost, replacement price Price effective from Koha item type
    Dewey Decimal Classification     MCA St Aloysius Institute of Management & Information Technology St Aloysius Institute of Management & Information Technology Athulya Books 295.00 Bill no:ABK173; Bill dt:2009-07-   005.8 PATD MCA09153 05/23/2026 230.10 07/16/2021 Book
    Dewey Decimal Classification     MCA St Aloysius Institute of Management & Information Technology St Aloysius Institute of Management & Information Technology Biblios Book Point 295.00 Bill no:1141; Bill dt:2011-07-20   005.8 PATD MCA10863 05/23/2026 295.00 07/16/2021 Book